Applications of Lie groups to differential equations /
Guardado en:
| Autor Principal: | |
|---|---|
| Formato: | Libro |
| Idioma: | English |
| Publicado: |
New York :
Springer-Verlag,
c1986.
|
| Series: | Graduate texts in mathematics ;
107 |
| Materias: | |
| Etiquetas: |
Agregar Etiqueta
Sin Etiquetas, Sea el primero en etiquetar este registro!
|
| LEADER | 00768pam a2200229 a 4500 | ||
|---|---|---|---|
| 001 | MAT.inmabb004301 | ||
| 008 | 850801s1986####nyu######b####001#0#eng## | ||
| 005 | 20150318192553.0 | ||
| 245 | 1 | 0 | |a Applications of Lie groups to differential equations / |c Peter J. Olver. |
| 260 | |a New York : |b Springer-Verlag, |c c1986. | ||
| 300 | |a xxvi, 497 p. ; |c 25 cm. | ||
| 440 | 0 | |a Graduate texts in mathematics ; |v 107 | |
| 504 | |a Incluye referencias bibliográficas (p. [457]-474) e índices. | ||
| 510 | 4 | |a MR, |c 88f:58161 | |
| 020 | |a 0387962506 | ||
| 100 | 1 | |a Olver, Peter J. | |
| 650 | 0 | |a Differential equations. | |
| 650 | 0 | |a Lie groups. | |
| 084 | |a 58G35 (22E05 35A30 35Q20 58F07) |2 MR | ||
| 010 | |a 85017318 | ||
| 040 | |a DLC |c DLC |d DLC | ||
| 859 | |h 58 |i Ol52 |p A-6041 |b BIB. MATEMATICA | ||
